Normal view MARC view
  • Niños

Entry Materia

Number of records used in: 24

001 - NÚMERO DE CONTROL DEL REGISTRO

  • campo de control: 5233

003 - IDENTIFICADOR DE NUMERO DE CONTROL

  • campo de control: MX-MxUPN

005 - FECHA Y HORA DE LA ÚLTIMA TRANSACCIÓN

  • campo de control: 20240521094040.0

008 - DATOS DE LONGITUD FIJA

  • campo de control de longitud fija: 240521nn|acannbabn n ana |d

035 ## - NÚMERO DE CONTROL DEL SISTEMA

  • Número de control del sistema: UPN10000005233

040 ## - FUENTE DE LA CATALOGACIÓN

  • Lengua de catalogación: spa
  • Agencia de transcripción: MX-MxUPN
  • Centro catalogador de origen: MX-MxUPN

150 ## - ENCABEZAMIENTO - TEMÁTICO

  • Término de materia o nombre geográfico como elemento inicial: Niños
  • Subdivisión de materia general: Situación legal, leyes, etc.

450 ## - VÉASE - MATERIA

  • Encabezamiento temático: Niños -
  • Subdivisión temática general: Derecho

670 ## - FUENTE EN LA QUE SE LOCALIZARON DATOS

  • Cita de la fuente: LC, 21 mayo 2024 :
  • Información localizada: (Children - Legal status, laws, etc.)
  • Identificador Uniforme del Recurso: https://lccn.loc.gov/sh85023456

680 ## - NOTA GENERAL CON DESPLIEGUE PÚBLICO

  • Texto explicativo: Aquí se asientan las obras que tratan sobre leyes para el bienestar de los niños y sobre las leyes de los programas de gobierno para protegerlos

902 ## - CATALOGADOR

  • Catalogador: MEEG/251006